[Event "DVM U16 2022"]
[Site "Darmstadt GER"]
[Date "2022.12.28"]
[Round "4"]
[White "Beck, Felix"]
[Black "Kommessin, Felix"]
[Result "0-1"]
[Termination "normal"]
[Board "2.4"]
[WhiteElo "1535"]
[BlackElo "1491"]
[WhiteClock "00:34:47"]
[BlackClock "00:00:37"]
[WhiteTeam "Schachfreunde Nordost Berlin"]
[BlackTeam "Schachfreunde Brackel 1930 e. V."]
[PlyCount "172"]
[WhiteFideId "16255364"]
[BlackFideId "16294661"]
[EventCountry "GER"]
[EventRounds "7"]
[EventType "team-swiss"]
[EventDate "2022.12.26"]

1. c4 {[%clk 1:30:57]} e6 {[%clk 1:30:56]} 2. g3 {[%clk 1:31:23]} d5 {[%clk
1:31:19]} 3. Bg2 {[%clk 1:31:44]} Nf6 {[%clk 1:31:39]} 4. Nf3 {[%clk 1:32:04]}
dxc4 {[%clk 1:32:01]} 5. Qa4 {[%clk 1:32:07]} Nbd7 {[%clk 1:31:08]} 6. Qxc4
{[%clk 1:32:22]} a6 {[%clk 1:31:28]} 7. Qc2 {[%clk 1:32:37]} Bd6 {[%clk
1:26:11]} 8. d3 {[%clk 1:31:55]} O-O {[%clk 1:24:59]} 9. O-O {[%clk 1:31:45]}
c5 {[%clk 1:22:06]} 10. Nbd2 {[%clk 1:30:34]} b5 {[%clk 1:14:36]} 11. a4 {[%clk
1:04:10]} Bb7 {[%clk 1:08:27]} 12. b3 {[%clk 1:03:33]} Qc7 {[%clk 0:51:02]} 13.
Bb2 {[%clk 1:02:15]} Rfd8 {[%clk 0:44:19]} 14. Rfc1 {[%clk 1:00:55]} Qb6 {[%clk
0:25:56]} 15. Ba3 {[%clk 0:55:21]} Rac8 {[%clk 0:19:24]} 16. Rab1 {[%clk
0:47:40]} h6 {[%clk 0:06:57]} 17. Qd1 {[%clk 0:43:40]} b4 {[%clk 0:05:19]} 18.
Bb2 {[%clk 0:43:48]} Be7 {[%clk 0:04:49]} 19. Nc4 {[%clk 0:43:45]} Qa7 {[%clk
0:01:30]} 20. e4 {[%clk 0:38:15]} Nb6 {[%clk 0:01:09]} 21. Qe2 {[%clk 0:38:02]}
Nxc4 {[%clk 0:01:14]} 22. Rxc4 {[%clk 0:38:22]} Nd7 {[%clk 0:00:56]} 23. Rbc1
{[%clk 0:34:22]} Nb6 {[%clk 0:00:46]} 24. R4c2 {[%clk 0:34:47]} Rc7 {[%clk
0:00:37]} 25. Qe3 Nd7 {[%clk 0:00:37]} 26. Ne5 Nxe5 {[%clk 0:00:37]} 27. Bxe5
Rcd7 {[%clk 0:00:37]} 28. Rd1 a5 {[%clk 0:00:37]} 29. Rcd2 Ba6 {[%clk 0:00:37]}
30. f4 Bb7 {[%clk 0:00:37]} 31. Bh3 Rf8 {[%clk 0:00:37]} 32. Rf2 Qa8 {[%clk
0:00:37]} 33. f5 Bd6 {[%clk 0:00:37]} 34. Bxd6 Rxd6 {[%clk 0:00:37]} 35. Qxc5
Rfd8 {[%clk 0:00:37]} 36. fxe6 fxe6 {[%clk 0:00:37]} 37. Qe3 Bxe4 {[%clk
0:00:37]} 38. Bg2 Bxg2 {[%clk 0:00:37]} 39. Rxg2 Qd5 {[%clk 0:00:37]} 40. Rb2
Rc6 {[%clk 0:00:37]} 41. d4 Rc3 {[%clk 0:00:37]} 42. Rd3 Rxd3 {[%clk 0:00:37]}
43. Qxd3 Qxd4 {[%clk 0:00:37]} 44. Qxd4 Rxd4 {[%clk 0:00:37]} 45. Re2 Kf7
{[%clk 0:00:37]} 46. Re3 Kf6 {[%clk 0:00:37]} 47. Kg2 Rd2 {[%clk 0:00:37]} 48.
Kh3 Rc2 {[%clk 0:00:37]} 49. Rf3 Ke7 {[%clk 0:00:37]} 50. Re3 Rc5 {[%clk
0:00:37]} 51. Kg4 g6 {[%clk 0:00:37]} 52. h4 Kf6 {[%clk 0:00:37]} 53. Rf3 Rf5
{[%clk 0:00:37]} 54. Rd3 h5 {[%clk 0:00:37]} 55. Kh3 Rd5 {[%clk 0:00:37]} 56.
Rf3 Ke7 {[%clk 0:00:37]} 57. Re3 Rc5 {[%clk 0:00:37]} 58. Kg2 e5 {[%clk
0:00:37]} 59. Kf2 Ke6 {[%clk 0:00:37]} 60. Rf3 Rc3 {[%clk 0:00:37]} 61. Rf8
Rxb3 {[%clk 0:00:37]} 62. Ra8 Rb1 {[%clk 0:00:37]} 63. Rxa5 b3 {[%clk 0:00:37]}
64. Rb5 b2 {[%clk 0:00:37]} 65. Kg2 e4 {[%clk 0:00:37]} 66. a5 e3 {[%clk
0:00:37]} 67. Rb8 Kd7 {[%clk 0:00:37]} 68. a6 e2 {[%clk 0:00:37]} 69. a7 e1=Q
{[%clk 0:00:37]} 70. Rd8 Kxd8 {[%clk 0:00:37]} 71. a8=Q Kc7 {[%clk 0:00:37]}
72. Qa7 Kc6 {[%clk 0:00:37]} 73. Qa6 Kc5 {[%clk 0:00:37]} 74. Qc8 Kb4 {[%clk
0:00:37]} 75. Qb7 Kc4 {[%clk 0:00:37]} 76. Qc6 Kd3 {[%clk 0:00:37]} 77. Qd5 Kc2
{[%clk 0:00:37]} 78. Qc4 Kd1 {[%clk 0:00:37]} 79. Qb3 Ke2 {[%clk 0:00:37]} 80.
Qc4 Ke3 {[%clk 0:00:37]} 81. Qc5 Kd3 {[%clk 0:00:37]} 82. Qd5 Kc2 {[%clk
0:00:37]} 83. Qc4 Qc3 {[%clk 0:00:37]} 84. Qa4 Kc1 {[%clk 0:00:37]} 85. Kh3 Qc8
{[%clk 0:00:37]} 86. g4 Qxg4 {[%clk 0:00:37]} 0-1

[Event "DVM U16 2022"]
[Site "Darmstadt GER"]
[Date "2022.12.28"]
[Round "4"]
[White "Fuhrmann, Bahne"]
[Black "Buchinger, Alexis"]
[Result "1/2-1/2"]
[Termination "normal"]
[Board "3.1"]
[WhiteElo "2042"]
[BlackElo "1909"]
[WhiteTeam "Hamburger SK von 1830 eV"]
[BlackTeam "SF Neuberg"]
[PlyCount "110"]
[WhiteFideId "16244842"]
[BlackFideId "16287134"]
[EventCountry "GER"]
[EventRounds "7"]
[EventType "team-swiss"]
[EventDate "2022.12.26"]

1. e4 e5 2. Nf3 Nc6 3. Bc4 Bc5 4. Nc3 Nf6 5. d3 d6 6. Bg5 h6 7. Bxf6 Qxf6 8.
Nd5 Qd8 9. c3 O-O 10. b4 Bb6 11. a4 a6 12. Nxb6 cxb6 13. O-O Bg4 14. h3 Bh5 15.
Qe2 Qf6 16. g4 Bg6 17. Qe3 Nd8 18. Ne1 h5 19. Qxb6 Qh4 20. Qxd6 Rc8 21. Qxe5
Qxh3 22. gxh5 Bxh5 23. Qg3 Qd7 24. Ng2 Ne6 25. f4 b5 26. f5 bxc4 27. fxe6 Qxd3
28. Qxd3 cxd3 29. Nf4 Be2 30. Nxe2 dxe2 31. exf7 Rxf7 32. Rxf7 Kxf7 33. Kf2
Rxc3 34. b5 axb5 35. a5 e1=Q 36. Kxe1 Re3 37. Kd2 Rxe4 38. a6 Re8 39. Kc3 Ra8
40. Kb4 g5 41. Kxb5 Kf6 42. Kb6 Kf5 43. Kb7 Rg8 44. a7 g4 45. Rf1 Ke4 46. Rf6
Rg7 47. Kb6 Rxa7 48. Kxa7 g3 49. Kb6 g2 50. Rg6 Kf3 51. Kc5 Kf2 52. Rf6 Ke2 53.
Re6 Kf2 54. Rg6 g1=Q 55. Rxg1 Kxg1 1/2-1/2

[Event "DVM U16 2022"]
[Site "Darmstadt GER"]
[Date "2022.12.28"]
[Round "4"]
[White "Eull, Emil"]
[Black "Kort, Felix"]
[Result "1-0"]
[Termination "normal"]
[Board "3.2"]
[WhiteElo "1969"]
[BlackElo "1932"]
[WhiteClock "00:44:22"]
[BlackClock "00:15:43"]
[WhiteTeam "SF Neuberg"]
[BlackTeam "Hamburger SK von 1830 eV"]
[PlyCount "37"]
[WhiteFideId "16253809"]
[BlackFideId "16220129"]
[EventCountry "GER"]
[EventRounds "7"]
[EventType "team-swiss"]
[EventDate "2022.12.26"]

1. c4 {[%clk 1:30:57]} e5 {[%clk 1:30:54]} 2. Nc3 {[%clk 1:31:20]} Nf6 {[%clk
1:31:18]} 3. Nf3 {[%clk 1:31:43]} Nc6 {[%clk 1:31:41]} 4. e3 {[%clk 1:32:10]}
Bb4 {[%clk 1:31:30]} 5. Qc2 {[%clk 1:32:33]} d5 {[%clk 1:26:10]} 6. cxd5 {[%clk
1:32:42]} Nxd5 {[%clk 1:26:32]} 7. Nxd5 {[%clk 1:29:13]} Qxd5 {[%clk 1:26:52]}
8. Bc4 {[%clk 1:29:28]} Qd6 {[%clk 1:21:12]} 9. a3 {[%clk 1:29:00]} Bc5 {[%clk
1:15:57]} 10. Ng5 {[%clk 1:21:24]} Qe7 {[%clk 1:05:44]} 11. Bxf7 {[%clk
1:06:00]} Kf8 {[%clk 1:03:59]} 12. Bd5 {[%clk 1:00:03]} Bxa3 {[%clk 0:33:00]}
13. Nxh7 {[%clk 0:54:38]} Ke8 {[%clk 0:26:33]} 14. Bxc6 {[%clk 0:53:33]} Kd8
{[%clk 0:20:13]} 15. Rxa3 {[%clk 0:52:30]} bxc6 {[%clk 0:20:31]} 16. Rd3 {[%clk
0:49:13]} Bd7 {[%clk 0:20:43]} 17. Qxc6 {[%clk 0:46:52]} Rb8 {[%clk 0:20:43]}
18. Ng5 {[%clk 0:46:18]} Rh6 {[%clk 0:15:43]} 19. Qxd7 {[%clk 0:44:22]} 1-0

[Event "DVM U16 2022"]
[Site "Darmstadt GER"]
[Date "2022.12.28"]
[Round "4"]
[White "Tietz, Bennit"]
[Black "Kaiser, Jason"]
[Result "1-0"]
[Termination "normal"]
[Board "3.3"]
[WhiteElo "1688"]
[BlackElo "1345"]
[WhiteClock "00:03:04"]
[BlackClock "00:17:29"]
[WhiteTeam "Hamburger SK von 1830 eV"]
[BlackTeam "SF Neuberg"]
[PlyCount "136"]
[WhiteFideId "16286936"]
[BlackFideId "16275187"]
[EventCountry "GER"]
[EventRounds "7"]
[EventType "team-swiss"]
[EventDate "2022.12.26"]

1. e4 {[%clk 1:30:53]} d5 {[%clk 1:30:50]} 2. exd5 {[%clk 1:31:12]} Qxd5 {[%clk
1:31:09]} 3. Nc3 {[%clk 1:31:31]} Qa5 {[%clk 1:31:26]} 4. d4 {[%clk 1:31:36]}
Nf6 {[%clk 1:31:27]} 5. Nf3 {[%clk 1:31:51]} c6 {[%clk 1:31:19]} 6. Bc4 {[%clk
1:31:36]} Bg4 {[%clk 1:30:48]} 7. h3 {[%clk 1:31:06]} Bh5 {[%clk 1:29:56]} 8.
Bd2 {[%clk 1:31:06]} e6 {[%clk 1:29:03]} 9. d5 {[%clk 1:27:12]} Qc5 {[%clk
1:22:26]} 10. Bb3 {[%clk 1:24:20]} cxd5 {[%clk 1:20:50]} 11. Be3 {[%clk
1:21:31]} Qc7 {[%clk 1:16:26]} 12. g4 {[%clk 1:14:53]} Bg6 {[%clk 1:15:31]} 13.
Qe2 {[%clk 1:13:08]} Bb4 {[%clk 1:11:10]} 14. O-O-O {[%clk 1:08:57]} Bxc3
{[%clk 1:06:09]} 15. bxc3 {[%clk 1:08:14]} Ne4 {[%clk 1:01:11]} 16. Bd4 {[%clk
1:05:14]} Nxc3 {[%clk 0:56:54]} 17. Bxc3 {[%clk 1:04:27]} Qxc3 {[%clk 0:56:49]}
18. Bxd5 {[%clk 0:58:26]} O-O {[%clk 0:43:41]} 19. Bb3 {[%clk 0:52:30]} Qa1
{[%clk 0:38:03]} 20. Kd2 {[%clk 0:52:02]} Rd8 {[%clk 0:38:10]} 21. Ke3 {[%clk
0:27:43]} Qc3 {[%clk 0:34:09]} 22. Kf4 {[%clk 0:27:53]} Nc6 {[%clk 0:32:38]}
23. Rhe1 {[%clk 0:19:28]} Nd4 {[%clk 0:20:15]} 24. Nxd4 {[%clk 0:18:28]} Rxd4
{[%clk 0:20:17]} 25. Rxd4 {[%clk 0:18:38]} Qxd4 {[%clk 0:20:37]} 26. Kg3 {[%clk
0:18:43]} Rd8 {[%clk 0:19:10]} 27. Kg2 {[%clk 0:15:19]} Qd2 {[%clk 0:17:29]}
28. Qe5 {[%clk 0:03:04]} Qd6 {[%clk 0:17:29]} 29. Qe2 {[%clk 0:03:04]} Qc6
{[%clk 0:17:29]} 30. Kg1 {[%clk 0:03:04]} Rd4 {[%clk 0:17:29]} 31. Qe5 {[%clk
0:03:04]} Qd6 {[%clk 0:17:29]} 32. Qg5 {[%clk 0:03:04]} Qd7 {[%clk 0:17:29]}
33. Qc5 {[%clk 0:03:04]} b6 {[%clk 0:17:29]} 34. Qe5 {[%clk 0:03:04]} Rd1
{[%clk 0:17:29]} 35. Kh2 {[%clk 0:03:04]} Qd6 {[%clk 0:17:29]} 36. Qxd6 {[%clk
0:03:04]} Rxd6 {[%clk 0:17:29]} 37. f4 {[%clk 0:03:04]} Rd2 {[%clk 0:17:29]}
38. Kg3 {[%clk 0:03:04]} h6 {[%clk 0:17:29]} 39. f5 {[%clk 0:03:04]} exf5
{[%clk 0:17:29]} 40. gxf5 {[%clk 0:03:04]} Bxf5 {[%clk 0:17:29]} 41. Re8 {[%clk
0:03:04]} Kh7 {[%clk 0:17:29]} 42. Bxf7 {[%clk 0:03:04]} Rxc2 {[%clk 0:17:29]}
43. h4 {[%clk 0:03:04]} Rc7 {[%clk 0:17:29]} 44. Bd5 {[%clk 0:03:04]} Kg6
{[%clk 0:17:29]} 45. Kf4 {[%clk 0:03:04]} Rd7 {[%clk 0:17:29]} 46. Re5 {[%clk
0:03:04]} Bh3 {[%clk 0:17:29]} 47. Bb3 {[%clk 0:03:04]} Kf6 {[%clk 0:17:29]}
48. Re8 {[%clk 0:03:04]} g5 {[%clk 0:17:29]} 49. hxg5 {[%clk 0:03:04]} hxg5
{[%clk 0:17:29]} 50. Kg3 {[%clk 0:03:04]} Rd3 {[%clk 0:17:29]} 51. Kh2 {[%clk
0:03:04]} Bd7 {[%clk 0:17:29]} 52. Rf8 {[%clk 0:03:04]} Ke7 {[%clk 0:17:29]}
53. Ra8 {[%clk 0:03:04]} Rh3 {[%clk 0:17:29]} 54. Kg1 {[%clk 0:03:04]} Rh1
{[%clk 0:17:29]} 55. Kf2 {[%clk 0:03:04]} Rh2 {[%clk 0:17:29]} 56. Kg1 {[%clk
0:03:04]} Rg2 {[%clk 0:17:29]} 57. Kf1 {[%clk 0:03:04]} Bb5 {[%clk 0:17:29]}
58. Ke1 {[%clk 0:03:04]} Re2 {[%clk 0:17:29]} 59. Kd1 {[%clk 0:03:04]} g4
{[%clk 0:17:29]} 60. Rxa7 {[%clk 0:03:04]} Kf6 {[%clk 0:17:29]} 61. Rf7 {[%clk
0:03:04]} Kg6 {[%clk 0:17:29]} 62. Rb7 {[%clk 0:03:04]} Kh5 {[%clk 0:17:29]}
63. Rxb6 {[%clk 0:03:04]} Re5 {[%clk 0:17:29]} 64. a4 {[%clk 0:03:04]} Bf1
{[%clk 0:17:29]} 65. Bf7 {[%clk 0:03:04]} Kh4 {[%clk 0:17:29]} 66. Rh6 {[%clk
0:03:04]} Kg3 {[%clk 0:17:29]} 67. Rh5 {[%clk 0:03:04]} Re3 {[%clk 0:17:29]}
68. Bd5 {[%clk 0:03:04]} Kf2 {[%clk 0:17:29]} 1-0

[Event "DVM U16 2022"]
[Site "Darmstadt GER"]
[Date "2022.12.28"]
[Round "4"]
[White "Pomrehn, Ole Magnus"]
[Black "Malchereck, Zion"]
[Result "0-1"]
[Termination "normal"]
[Board "3.4"]
[WhiteElo "1525"]
[BlackElo "1726"]
[WhiteClock "00:16:04"]
[BlackClock "00:20:18"]
[WhiteTeam "SF Neuberg"]
[BlackTeam "Hamburger SK von 1830 eV"]
[PlyCount "120"]
[WhiteFideId "16232704"]
[BlackFideId "16269233"]
[EventCountry "GER"]
[EventRounds "7"]
[EventType "team-swiss"]
[EventDate "2022.12.26"]

1. d4 {[%clk 1:30:56]} Nf6 {[%clk 1:30:28]} 2. Nf3 {[%clk 1:31:02]} d5 {[%clk
1:30:22]} 3. c3 {[%clk 1:30:52]} e6 {[%clk 1:28:03]} 4. Bg5 {[%clk 1:28:24]}
Be7 {[%clk 1:27:26]} 5. e3 {[%clk 1:28:29]} Nbd7 {[%clk 1:27:07]} 6. Bd3 {[%clk
1:28:21]} O-O {[%clk 1:26:41]} 7. O-O {[%clk 1:28:33]} c5 {[%clk 1:26:24]} 8.
Nbd2 {[%clk 1:28:27]} b6 {[%clk 1:25:40]} 9. a4 {[%clk 1:27:02]} Bb7 {[%clk
1:20:10]} 10. Qe2 {[%clk 1:25:35]} Rc8 {[%clk 1:15:39]} 11. Rfe1 {[%clk
1:22:02]} h6 {[%clk 1:10:52]} 12. Bh4 {[%clk 1:21:46]} Ne4 {[%clk 1:02:30]} 13.
Bxe7 {[%clk 1:21:43]} Qxe7 {[%clk 1:02:45]} 14. h3 {[%clk 1:11:41]} f5 {[%clk
1:00:56]} 15. Ne5 {[%clk 1:06:47]} Nxe5 {[%clk 0:59:02]} 16. dxe5 {[%clk
1:07:03]} Rfd8 {[%clk 0:55:39]} 17. Bxe4 {[%clk 0:47:48]} fxe4 {[%clk 0:53:07]}
18. a5 {[%clk 0:39:31]} Qc7 {[%clk 0:49:37]} 19. axb6 {[%clk 0:39:01]} axb6
{[%clk 0:50:05]} 20. f4 {[%clk 0:35:21]} exf3 {[%clk 0:49:31]} 21. Nxf3 {[%clk
0:35:41]} Ra8 {[%clk 0:48:33]} 22. Qc2 {[%clk 0:30:25]} Bc6 {[%clk 0:34:40]}
23. b4 {[%clk 0:25:51]} Qf7 {[%clk 0:25:30]} 24. bxc5 {[%clk 0:22:18]} bxc5
{[%clk 0:25:44]} 25. Qf2 {[%clk 0:16:04]} Qf5 {[%clk 0:20:18]} 26. Qh4 Qf8
{[%clk 0:20:18]} 27. Qg4 Qf7 {[%clk 0:20:18]} 28. Qh4 Rdb8 {[%clk 0:20:18]} 29.
Rxa8 Bxa8 {[%clk 0:20:18]} 30. Qf2 Bc6 {[%clk 0:20:18]} 31. Rc1 Qb7 {[%clk
0:20:18]} 32. Qe2 Rf8 {[%clk 0:20:18]} 33. Rf1 Bb5 {[%clk 0:20:18]} 34. Rb1
Bxe2 {[%clk 0:20:18]} 35. Rxb7 Bxf3 {[%clk 0:20:18]} 36. gxf3 Rxf3 {[%clk
0:20:18]} 37. Re7 Rxe3 {[%clk 0:20:18]} 38. Rxe6 Kf7 {[%clk 0:20:18]} 39. Rd6
Rxe5 {[%clk 0:20:18]} 40. Rd7 Ke6 {[%clk 0:20:18]} 41. Rc7 Rg5 {[%clk 0:20:18]}
42. Kf2 Kd6 {[%clk 0:20:18]} 43. Rc8 g6 {[%clk 0:20:18]} 44. Rd8 Kc6 {[%clk
0:20:18]} 45. Rc8 Kb5 {[%clk 0:20:18]} 46. Re8 Kc4 {[%clk 0:20:18]} 47. Re3 Rf5
{[%clk 0:20:18]} 48. Kg3 d4 {[%clk 0:20:18]} 49. cxd4 cxd4 {[%clk 0:20:18]} 50.
Re6 d3 {[%clk 0:20:18]} 51. Rxg6 Rg5 {[%clk 0:20:18]} 52. Rxg5 hxg5 {[%clk
0:20:18]} 53. Kg4 d2 {[%clk 0:20:18]} 54. Kxg5 d1=Q {[%clk 0:20:18]} 55. h4 Qd8
{[%clk 0:20:18]} 56. Kg4 Kd4 {[%clk 0:20:18]} 57. h5 Ke4 {[%clk 0:20:18]} 58.
h6 Qg8 {[%clk 0:20:18]} 59. Kh5 Kf5 {[%clk 0:20:18]} 60. h7 Qxh7# {[%clk
0:20:18]} 0-1

[Event "DVM U16 2022"]
[Site "Darmstadt GER"]
[Date "2022.12.28"]
[Round "4"]
[White "Englert, Luca"]
[Black "Herter, Arne"]
[Result "0-1"]
[Termination "normal"]
[Board "4.1"]
[WhiteElo "1967"]
[BlackElo "1973"]
[WhiteClock "00:09:29"]
[BlackClock "00:24:56"]
[WhiteTeam "VfB Schach Leipzig e.V."]
[BlackTeam "Schachzwerge Magdeburg"]
[PlyCount "78"]
[WhiteFideId "16293088"]
[BlackFideId "16255372"]
[EventCountry "GER"]
[EventRounds "7"]
[EventType "team-swiss"]
[EventDate "2022.12.26"]

1. e4 {[%clk 1:30:30]} e5 {[%clk 1:30:57]} 2. Nf3 {[%clk 1:31:23]} Nc6 {[%clk
1:31:21]} 3. Bc4 {[%clk 1:31:48]} Bc5 {[%clk 1:31:44]} 4. c3 {[%clk 1:32:11]}
Nf6 {[%clk 1:32:06]} 5. d3 {[%clk 1:32:36]} d6 {[%clk 1:32:28]} 6. O-O {[%clk
1:32:38]} O-O {[%clk 1:32:45]} 7. Nbd2 {[%clk 1:32:39]} a5 {[%clk 1:31:56]} 8.
a4 {[%clk 1:32:36]} Be6 {[%clk 1:31:37]} 9. h3 {[%clk 1:32:27]} Ba7 {[%clk
1:30:38]} 10. Qb3 {[%clk 1:31:50]} Qc8 {[%clk 1:29:52]} 11. Bxe6 {[%clk
1:29:49]} fxe6 {[%clk 1:29:09]} 12. Nc4 {[%clk 1:29:03]} Nh5 {[%clk 1:25:42]}
13. Qc2 {[%clk 1:22:23]} Qe8 {[%clk 1:19:07]} 14. Be3 {[%clk 1:21:34]} Nf4
{[%clk 1:17:25]} 15. Bxf4 {[%clk 1:15:40]} Rxf4 {[%clk 1:17:30]} 16. Qe2 {[%clk
1:11:39]} Qg6 {[%clk 1:12:06]} 17. Ne3 {[%clk 1:09:12]} Raf8 {[%clk 1:09:34]}
18. Nh2 {[%clk 1:08:29]} Ne7 {[%clk 1:07:36]} 19. Kh1 {[%clk 1:03:20]} Qf7
{[%clk 1:01:43]} 20. f3 {[%clk 1:01:58]} h5 {[%clk 1:00:33]} 21. b4 {[%clk
0:53:30]} axb4 {[%clk 0:54:35]} 22. cxb4 {[%clk 0:53:32]} Bd4 {[%clk 0:53:50]}
23. Rac1 {[%clk 0:50:44]} Ng6 {[%clk 0:49:41]} 24. g3 {[%clk 0:48:04]} Rf6
{[%clk 0:49:51]} 25. h4 {[%clk 0:47:37]} Qd7 {[%clk 0:48:27]} 26. a5 {[%clk
0:42:22]} Ne7 {[%clk 0:43:49]} 27. Rc2 {[%clk 0:37:34]} Nc6 {[%clk 0:41:30]}
28. Rfc1 {[%clk 0:33:56]} R6f7 {[%clk 0:34:29]} 29. a6 {[%clk 0:24:04]} Nxb4
{[%clk 0:30:17]} 30. Rxc7 {[%clk 0:24:12]} Qxc7 {[%clk 0:30:41]} 31. Rxc7
{[%clk 0:24:38]} Rxc7 {[%clk 0:31:04]} 32. axb7 {[%clk 0:24:32]} Rxb7 {[%clk
0:28:18]} 33. Kg2 {[%clk 0:19:53]} Ra8 {[%clk 0:26:47]} 34. Nhf1 {[%clk
0:17:38]} Na2 {[%clk 0:24:39]} 35. Nc4 {[%clk 0:11:44]} Nc3 {[%clk 0:24:42]}
36. Qe1 {[%clk 0:09:20]} Rb1 {[%clk 0:24:49]} 37. Qd2 {[%clk 0:09:14]} Ra2
{[%clk 0:25:10]} 38. Nxd6 {[%clk 0:09:17]} Rxf1 {[%clk 0:24:56]} 39. Qxa2
{[%clk 0:09:29]} Rg1 0-1

[Event "DVM U16 2022"]
[Site "Darmstadt GER"]
[Date "2022.12.28"]
[Round "4"]
[White "Udelnov, Valentin"]
[Black "Schön, Florian"]
[Result "1/2-1/2"]
[Termination "normal"]
[Board "4.2"]
[WhiteElo "1953"]
[BlackElo "1730"]
[WhiteClock "00:48:32"]
[BlackClock "00:14:18"]
[WhiteTeam "Schachzwerge Magdeburg"]
[BlackTeam "VfB Schach Leipzig e.V."]
[PlyCount "58"]
[WhiteFideId "16265734"]
[BlackFideId "16259394"]
[EventCountry "GER"]
[EventRounds "7"]
[EventType "team-swiss"]
[EventDate "2022.12.26"]

1. e4 {[%clk 1:30:58]} e5 {[%clk 1:30:54]} 2. Nf3 {[%clk 1:31:19]} Nc6 {[%clk
1:31:21]} 3. Bc4 {[%clk 1:31:45]} Bc5 {[%clk 1:31:45]} 4. c3 {[%clk 1:32:12]}
Nf6 {[%clk 1:32:11]} 5. d3 {[%clk 1:32:39]} a6 {[%clk 1:32:33]} 6. O-O {[%clk
1:32:46]} Ba7 {[%clk 1:32:02]} 7. a4 {[%clk 1:33:08]} h6 {[%clk 1:31:30]} 8.
Na3 {[%clk 1:33:05]} O-O {[%clk 1:31:15]} 9. h3 {[%clk 1:33:05]} d5 {[%clk
1:28:59]} 10. exd5 {[%clk 1:32:42]} Nxd5 {[%clk 1:29:26]} 11. Re1 {[%clk
1:29:54]} Be6 {[%clk 1:21:22]} 12. Nc2 {[%clk 1:24:36]} Qd6 {[%clk 1:12:25]}
13. Ba2 {[%clk 1:20:46]} Rfe8 {[%clk 1:05:33]} 14. d4 {[%clk 1:17:09]} exd4
{[%clk 0:58:35]} 15. Ncxd4 {[%clk 1:15:46]} Nxd4 {[%clk 0:57:42]} 16. Nxd4
{[%clk 1:16:08]} Bd7 {[%clk 0:51:56]} 17. Nf3 {[%clk 1:08:29]} Rxe1 {[%clk
0:34:36]} 18. Nxe1 {[%clk 1:07:13]} Bc6 {[%clk 0:28:38]} 19. Nf3 {[%clk
1:04:28]} Rd8 {[%clk 0:25:40]} 20. Qb3 {[%clk 1:00:35]} Qg3 {[%clk 0:21:44]}
21. Nd4 {[%clk 0:51:50]} Qd3 {[%clk 0:14:54]} 22. Be3 {[%clk 0:46:48]} Nxe3
{[%clk 0:12:47]} 23. Qxf7 {[%clk 0:47:05]} Kh8 {[%clk 0:13:07]} 24. Ne6 {[%clk
0:46:38]} Qd1 {[%clk 0:13:15]} 25. Rxd1 {[%clk 0:47:03]} Rxd1 {[%clk 0:13:44]}
26. Kh2 {[%clk 0:47:18]} Nf1 {[%clk 0:14:09]} 27. Kg1 {[%clk 0:47:42]} Ne3
{[%clk 0:13:49]} 28. Kh2 {[%clk 0:48:07]} Nf1 {[%clk 0:14:18]} 29. Kg1 {[%clk
0:48:32]} Ne3 1/2-1/2

[Event "DVM U16 2022"]
[Site "Darmstadt GER"]
[Date "2022.12.28"]
[Round "4"]
[White "Widmann, Maximilian"]
[Black "Pohle, Saskia"]
[Result "1/2-1/2"]
[Termination "normal"]
[Board "4.3"]
[WhiteElo "1582"]
[BlackElo "1678"]
[WhiteClock "00:03:26"]
[BlackClock "00:07:17"]
[WhiteTeam "VfB Schach Leipzig e.V."]
[BlackTeam "Schachzwerge Magdeburg"]
[PlyCount "68"]
[WhiteFideId "16281691"]
[BlackFideId "16201604"]
[EventCountry "GER"]
[EventRounds "7"]
[EventType "team-swiss"]
[EventDate "2022.12.26"]

1. Nf3 {[%clk 1:30:59]} Nf6 {[%clk 1:30:52]} 2. c4 {[%clk 1:31:21]} e6 {[%clk
1:31:15]} 3. Nc3 {[%clk 1:31:17]} d5 {[%clk 1:31:05]} 4. d4 {[%clk 1:30:11]}
Be7 {[%clk 1:24:51]} 5. g3 {[%clk 1:27:28]} O-O {[%clk 1:21:45]} 6. cxd5 {[%clk
1:23:30]} Nxd5 {[%clk 1:19:53]} 7. e4 {[%clk 1:15:26]} Nxc3 {[%clk 1:20:14]} 8.
bxc3 {[%clk 1:15:44]} b6 {[%clk 1:19:09]} 9. Bg2 {[%clk 1:09:58]} Ba6 {[%clk
1:16:40]} 10. Be3 {[%clk 1:06:40]} Nd7 {[%clk 1:13:44]} 11. Qa4 {[%clk
1:02:00]} Qc8 {[%clk 1:08:53]} 12. Nd2 {[%clk 0:57:18]} c5 {[%clk 1:06:43]} 13.
d5 {[%clk 0:52:54]} Ne5 {[%clk 1:00:20]} 14. c4 {[%clk 0:48:32]} Nd3 {[%clk
0:53:08]} 15. Ke2 {[%clk 0:48:31]} Ne5 {[%clk 0:52:12]} 16. f4 {[%clk 0:41:21]}
Nxc4 {[%clk 0:43:35]} 17. Nxc4 {[%clk 0:40:39]} exd5 {[%clk 0:36:29]} 18. exd5
{[%clk 0:40:46]} b5 {[%clk 0:36:45]} 19. Qa3 {[%clk 0:39:51]} bxc4 {[%clk
0:36:30]} 20. d6 {[%clk 0:21:57]} Bf6 {[%clk 0:34:38]} 21. Bxa8 {[%clk
0:13:10]} Bxa1 {[%clk 0:34:53]} 22. Bf3 {[%clk 0:10:49]} Bb2 {[%clk 0:24:46]}
23. Qxc5 {[%clk 0:05:56]} c3 {[%clk 0:22:54]} 24. Kf2 {[%clk 0:05:11]} c2
{[%clk 0:21:11]} 25. Qxc8 {[%clk 0:04:15]} Rxc8 {[%clk 0:21:35]} 26. Bc1 {[%clk
0:04:10]} Bd4 {[%clk 0:20:11]} 27. Ke1 {[%clk 0:04:00]} Bc3 {[%clk 0:17:36]}
28. Kf2 {[%clk 0:04:11]} Bb4 {[%clk 0:14:31]} 29. d7 {[%clk 0:03:59]} Rd8
{[%clk 0:09:11]} 30. Bc6 {[%clk 0:04:07]} Bc4 {[%clk 0:08:21]} 31. a3 {[%clk
0:03:38]} Bc5 {[%clk 0:08:40]} 32. Be3 {[%clk 0:03:10]} Bxe3 {[%clk 0:07:44]}
33. Kxe3 {[%clk 0:03:31]} Be6 {[%clk 0:07:34]} 34. Rc1 {[%clk 0:03:26]} Bxd7
{[%clk 0:07:17]} 1/2-1/2